000 00384nam a22001577a 4500
020 _a978 1 85534 9261
082 _a823
_bATK/G
100 _aATKINSON , ELEANOR
245 _aGREYFRIARS BOBBY
_bSHORT STORY
246 _aGREYFRIARS BOBBY
_bSHORT STORY
260 _aSCOTLAND
_bGEDDES & GROSSET
_c1999
300 _a192
520 _aSHORT STORY
650 _aSHORT STORY
942 _cBK
999 _c2031
_d2031